header

Cultural encounters in the Arab world (Record no. 133195)

MARC details
000 -LEADER
fixed length control field 01414nam a2200349Ia 4500
100 1# - MAIN ENTRY--AUTHOR NAME
Personal name Sabry, Tarik,
245 10 - TITLE STATEMENT
Title Cultural encounters in the Arab world
260 ## - PUBLICATION, DISTRIBUTION, ETC. (IMPRINT)
Place of publication London ;
-- New York :
Name of publisher I.B. Tauris,
Year of publication 2010.
300 ## - PHYSICAL DESCRIPTION
Number of Pages 228 p. :
Other physical details ill.
490 1# - SERIES STATEMENT
Series statement Library of modern Middle East studies
650 #0 - SUBJECT ADDED ENTRY--TOPICAL TERM
Topical Term Civilization, Arab
Topical Term Mass media and culture
Topical Term Social change
856 40 - ELECTRONIC LOCATION AND ACCESS
Uniform Resource Identifier http://site.ebrary.com/lib/rucke/Doc?id=10437994

No items available.

© 2026 Rongo University
Contact us: librarian | system librarian | Rongo university